| 000 | 01103nam a22002417a 4500 | ||
|---|---|---|---|
| 001 | 76916 | ||
| 003 | BD-RjUL | ||
| 005 | 20211209082914.0 | ||
| 008 | 200205s2019 bg ||||| |||| 00| 0 ben d | ||
| 020 | _a9789843459381 | ||
| 035 | _a(BD-RjUL) | ||
| 040 |
_aBD-RjUL _beng _cBD-RjUL |
||
| 041 | _aeng | ||
| 082 |
_223 _a954.0234092 _bRAI 2019 |
||
| 245 |
_aইখতিয়ারউদ্দীন মোহাম্মদ বখতিয়ার খলজি : _b(বাংলার প্রথম পূর্ণাঙ্গ জীবনীগ্রন্থ) / _cসরদার আবদুর রহমান |
||
| 260 |
_aঢাকা : _bদিব্য প্রকাশ, _c২০১৯ |
||
| 300 |
_a২৭২ পৃ. : _bচিত্র, ম্যাপ ; _c২২ সেমি. |
||
| 504 | _aবিবলিওগ্রাফি ও ইনডেক্স সম্বলিত। | ||
| 600 |
_a Khalji, Bakhtiyar _cIkhtyiar Uddin Muhammad bin _xBiography _9238912 |
||
| 650 |
_aKhilji dynasty. _9238913 |
||
| 650 |
_aʻAlāʼ al-Dīn, _xSultan of Delhi, _y1315. _9238914 |
||
| 942 |
_2ddc _cBK |
||
| 999 |
_c76916 _d76916 |
||